000 00326nam a22001337a 4500
005 20240708123337.0
008 240708b |||||||| |||| 00| 0 eng d
041 _aeng
100 _aSONI. SURESH
_98450
245 _aBHARAT ME VIGYAN KI UJJWAL PARAMPARA
260 _aBHOPAL
_bARCHANA PRAKASHAN
300 _a204;P
942 _cBK
999 _c8568
_d8566